Central Library OPAC University of Rajshahi

Educational Administration in Bangladesh : (Record no. 79614)

MARC details
000 -LEADER
fixed length control field 01025nam a2200253 a 4500
001 - CONTROL NUMBER
RUCL Control Number 79614
003 - CONTROL NUMBER IDENTIFIER
rucl marc code BD-RjUL
005 - DATE AND TIME OF LATEST TRANSACTION
control field 20220327114822.0
008 - FIXED-LENGTH DATA ELEMENTS--GENERAL INFORMATION
fixed length control field 220327s2004 bg a|||| m||| 00| 0 eng d
035 ## - SYSTEM CONTROL NUMBER
system control number (BD-RjUL)79614
040 ## - CATALOGING SOURCE
Original cataloging agency BD-RjUL
Language of cataloging eng
Transcribing agency BD-RjUL
Modifying agency BD-RjUL
041 ## - LANGUAGE CODE
Language code of Book eng
082 ## - DEWEY DECIMAL CLASSIFICATION NUMBER
DDC Edition number 23
Classification number 370.25492
Author mark and Year ISE 2004
100 ## - MAIN ENTRY--PERSONAL NAME
Personal name Islam, Md. Rafiqul
9 (RLIN) 1188
245 10 - TITLE STATEMENT
Title Educational Administration in Bangladesh :
Remainder of title A Study of Managerial problems of Government Teachers Training Colleges /
Statement of responsibility, etc Md. Rafiqul Islam ;
Name of Supervisor/Co-Supervisor Supervisor : M. Shamsur Rahman
260 ## - PUBLICATION, DISTRIBUTION, ETC. (IMPRINT)
Place of publication, distribution, etc Rajshahi :
Name of publisher, distributor, etc Institute of Bangladesh Studies, University of Rajshahi,
Date of publication, distribution, etc 2004
300 ## - PHYSICAL DESCRIPTION
Pagination [1], xviii, 219 leaves :
Other physical details ill ;
Dimensions 29 cm.
502 ## - DISSERTATION NOTE
Dissertation note Thesis (Ph. D.) - Institute of Bangladesh Studies, University of Rajshahi, 2004
504 ## - BIBLIOGRAPHY, ETC. NOTE
Bibliography, etc Bibliography : Leaves 184-189
650 ## - SUBJECT ADDED ENTRY--TOPICAL TERM
Topical term or geographic name as entry element Education
General subdivision Administration
Geographic subdivision Bangladesh
9 (RLIN) 2055
Topical term or geographic name as entry element Education
General subdivision Miscellany
Geographic subdivision Bangladesh
9 (RLIN) 2056
700 ## - ADDED ENTRY--SUPERVISOR/CO-SUPERVISOR NAME
Personal name Rahman, M. Shamsur, Supervisor
9 (RLIN) 1579
942 ## - ADDED ENTRY ELEMENTS (KOHA)
Source of classification or shelving scheme Dewey Decimal Classification
Koha item type Theses
Holdings
Source of classification or shelving scheme Damaged status Not for loan Collection code Permanent Location Current Location Shelving location Date of accession Source of acquisition Total Checkouts Full call number Barcode Date last seen Copy number Thesis
Dewey Decimal Classification   Not For Loan Theses Central Library, University of Rajshahi Central Library, University of Rajshahi Documentation Section 05/03/2005 Controller of Exam. R.U.   THE 370.25492 ISE 2004 D2359 27/03/2022 C-1 Theses